Movies Quiz

Random Movies or James Bond Quiz

The Sporting James Bond Quiz Stats

 Plays Quiz not verified by Sporcle

Also try: Movie Cakes
Challenge
Share
Tweet
Embed
Score 0/22 Timer 06:00
0 Plays Today
% Correct
Goldfinger
89%
Live and Let Die
87.1%
Casino Royale
87.1%
Die Another Day
83.9%
Goldeneye
83.9%
The Spy Who Loved Me
83.2%
The Living Daylights
82.6%
You Only Live Twice
80%
A View to a Kill
80%
Thunderball
79.4%
The World Is Not Enough
78.1%
% Correct
For Your Eyes Only
77.4%
From Russia with Love
72.9%
On Her Majesty's Secret Service
72.3%
Moonraker
71.6%
Dr. No
71%
Octopussy
69.7%
Skyfall
67.7%
License to Kill
65.8%
The Man with The Golden Gun
64.5%
Quantum of Solace
63.2%
Tomorrow Never Dies
54.8%

You're not logged in!

Compare scores with friends on all Sporcle quizzes.
Join for Free
OR
Log In

You Might Also Like...

Show Comments

Extras

Created Jul 20, 2015ReportNominate
Tags:James Bond Quiz, 007 Movie

Top Quizzes Today


Score Distribution

Your Account Isn't Verified!

In order to create a playlist on Sporcle, you need to verify the email address you used during registration. Go to your Sporcle Settings to finish the process.

Report this User

Report this user for behavior that violates our Community Guidelines.

Details: